Pretty Little Liars - Statistics

General Stats
  • This quiz has been taken 344 times
  • The average score is 15 of 16
Answer Stats
Hint Answer % Correct
Who was 'A' in season 1? Mona
98%
Who said: Game over Alison, I win? Mona
98%
Spencer's sister? Melissa
96%
Spencer? Hastings
94%
Hanna? Marin
94%
Who said: If lying was a crime we'd all be in jail? Emily
93%
Emily? Fields
93%
Aria? Montgomery
93%
Who said: Hope breeds enternal misery? Spencer
93%
Who was Melissa's fiance? Wren
93%
Who said: Thats immortality my darlings? Alison
92%
Who said: You can tell a lot about a person by their shoes? Hanna
92%
Who is Hanna's boyfriend in season 1? Sean
92%
Who said: We are your friends not your punching bags? Aria
91%
Who was revealed 'A.D' at the end of season 7? Alex
82%
What was Aria's English teacher called? Mr. Fitz
65%
No matching quizzes found
Score Distribution
Percent of People with Each Score
Percentile by Number Answered
Your Score History
You have not taken this quiz